| 000 | 01335nam0a2200313 4500 | ||
|---|---|---|---|
| 001 | RU\NLR\bibl\1032238 | ||
| 005 | 20260406085453.0 | ||
| 021 |
_aRU _b2006-76912 _93892 |
||
| 035 | _a(NLR Aleph) 001019694 | ||
| 090 |
_a690527 _c690527 |
||
| 100 | _a20070118d2006 |||y0rusy50 ca | ||
| 101 | 0 |
_arus _deng |
|
| 102 | _aRU | ||
| 105 | _ay ||||||||| | ||
| 200 | 1 |
_aДинамика статистичекой системы и кинетические уравнения в лагранжевой геометрии _fН.Н. Фимин |
|
| 210 |
_aМосква _cИн-т прикладной математики _d2006 |
||
| 215 |
_a26 с. _d21 |
||
| 225 | 1 |
_aПрепринт _eИн-т прикл. математики им. М.В. Келдыша Рос. акад. наук _vN 61 |
|
| 300 | _aРез. на англ. яз. | ||
| 320 | _aБиблиогр.: с. 24-26 (40 назв.) | ||
| 606 | 1 |
_aСтатистическая физика _xКинетическая теория _91090890 _3RU\NLR\auth\66108821 |
|
| 686 | _aВ317.26 | ||
| 700 | 1 |
_4070 _7ca _8rus _aФимин _bН. Н. _gНиколай Николаевич _3RU\NLR\AUTH\770280076 _92652043 |
|
| 801 | 0 |
_aRU _bNLR _c20070118 _gRCR |
|
| 801 | 1 |
_aRU _bNLR _c20070118 |
|
| 830 | _aавтор раскрыт по ЭК | ||
| 942 | _cBOOK | ||
| 980 | _aNB | ||